| 000 | 00908nam a22002175i 4500 | ||
|---|---|---|---|
| 001 | 152247 | ||
| 003 | ES-MaACL | ||
| 005 | 20230906204612.0 | ||
| 008 | 051013m18941900fr | |||||||| ||fre d | ||
| 040 |
_aCAM _bspa _cCAM |
||
| 100 | 1 |
_aBleunard, Albert. _929485 |
|
| 245 | 1 | 0 |
_aHistoire générale de l'industrie / _cpar A. Bleunard. |
| 260 |
_aParis : _bH. Laurens, éditeur, _c[s.a.] ( _eCorbeil : _fImprimerie Ed. Crété) |
||
| 300 |
_a3 v. ; _c25 cm. |
||
| 505 | 8 | _aContiene: T.I: Industries du Règne Végétal (119, 144, 140 p.) - T.II: Industries du Règne Animal (128, 112, 116 p.) - T.III: Industries du Règne Minéral (111, 127, 168 p.) | |
| 596 | _aProbablementa impreso entre 1894 y 1900. | ||
| 650 | 4 |
_aIndustrias agropecuarias. _9136272 |
|
| 650 | 4 |
_aIndustrias alimentarias. _9136273 |
|
| 650 | 4 |
_aIndustrias mineras. _9136275 |
|
| 852 |
_aES-MaACL _jF-6724-26 _z-- Enc. pasta española |
||
| 999 |
_c152247 _d152247 |
||